| 000 | 00513nam a2200193 a 4500 | ||
|---|---|---|---|
| 001 | 2018248 | ||
| 003 | AM-YEHGA | ||
| 005 | 20250714094139.0 | ||
| 008 | 250513s2006 rb a||||r|||||00||1|srp|d | ||
| 020 | _a86-7564-387-X | ||
| 040 | _aAM-YEHGA | ||
| 041 | 0 | _asrp | |
| 100 | 1 | _aPогач, Биљана | |
| 245 | 1 | 0 |
_aСветлост душе / _cБиљана Pогач. |
| 260 |
_aРума : _bСрпска књига, _c2006. |
||
| 300 |
_a61 p. : _bIll. |
||
| 650 | 1 | 4 | _aSerbian literature |
| 942 |
_2udc _cBK |
||
| 999 |
_c534823 _d534823 |
||